| 000 | 00577nam a2200193Ia 4500 | ||
|---|---|---|---|
| 003 | GCL | ||
| 008 | 140319s9999 xx 000 0 eng d | ||
| 020 | _a156496289 | ||
| 040 |
_aGCL / _cGCL |
||
| 082 | 0 | 4 |
_a778.8 _bG P |
| 100 | 1 | _aGOLDING, STEPHEN | |
| 245 | 1 | 0 |
_aPHOTOMONTAGE : _bA STEP - BY - STEP - GUIDE TO BUILDING PICTURES / _cGOLDING, STEPHEN |
| 260 |
_aنيويورك : _bROCKPORT PUBLISHERS INC. ، _c1998 |
||
| 300 |
_a144 P _bILLS. ؛ _c24X24 cm. |
||
| 650 | 0 | 4 | _aMOTION PICTURES |
| 650 | 0 | 4 | _aPHOTOGRAPHY - PROCESSING |
| 650 | 0 | 4 | _aPHOTOMONTAGE |
| 942 |
_2ddc _cBK |
||
| 999 |
_c892 _d892 |
||